00752nam a2200193 i 450000100060000000300090000600500170001500700030003200800410003510000280007624501390010426000500024330000300029370000280032370000400035185200310039199900170042295201190043955328ES-MaACL20230906163125.0t|030917s1928 sp ||||1| spa d1 aDeniker, Michel.94369310aCompendios de medicina y cirugía... ginecología / cpor Michel Deniker y Lucienne Meurs ; traducido por Antonio de Soroa y Pineda. aMadrid : b[s.n.], c1928 (fImp. Cervantina) aVIII, 9-161 p. ; c17 cm.1 aMeurs, Lucienne.9807650 aSoroa y Pineda, Antonio de.9107413 aES-MaACLjB-9755 bR.18546 c55328d55328 00104070aATENEOMbATENEOMcSPBd2008-01-17eSCl0oB-9755p1058130r2023-02-23 00:00:00w2023-02-23yMONOGRAFIA